Penta vstúpila do boja o rozdelenie trhu lekární
Boj medzi Slovenskou lekárnickou komorou a finančnou skupinou Penta Group o skupovaní lekární na Slovensku. Penta sa rozhodla prostredníctvom firmy Mirakl skupovať existujúce lekárne s ambíciou do troch rokov obsadiť desatinu trhu, s čím komora nesúhlasí. Dôvody Penty kontra dôvodom komory. Boj kom...
Na minha lista:
| Autor principal: | |
|---|---|
| Outros Autores: | |
| Formato: | Capítulo de Livro |
| Idioma: | eslovaco |
| Assuntos: | |
| Tags: |
Sem tags, seja o primeiro a adicionar uma tag!
|
MARC
| LEADER | 00000naa$a2200000$$$4500 | ||
|---|---|---|---|
| 001 | 0022623 | ||
| 005 | 20231009075612.2 | ||
| 041 | 0 | |a slo | |
| 044 | |a SK | ||
| 245 | 1 | 0 | |a Penta vstúpila do boja o rozdelenie trhu lekární |c Rado Baťo, Zuzana Horníková |
| 520 | |a Boj medzi Slovenskou lekárnickou komorou a finančnou skupinou Penta Group o skupovaní lekární na Slovensku. Penta sa rozhodla prostredníctvom firmy Mirakl skupovať existujúce lekárne s ambíciou do troch rokov obsadiť desatinu trhu, s čím komora nesúhlasí. Dôvody Penty kontra dôvodom komory. Boj komory proti konkurencii. Plány Penty pre najbližšie tri roky. Otázka cien liekov. Lekárnik - manažér. | ||
| 610 | 2 | 0 | |a lekárne |
| 610 | 2 | 0 | |a predaj |
| 610 | 2 | 0 | |a lekárnici |
| 610 | 2 | 0 | |a manažéri |
| 610 | 2 | 0 | |a liečivá |
| 610 | 2 | 0 | |a ceny |
| 610 | 2 | 0 | |a konkurencia |
| 610 | 2 | 0 | |a Penta Group |
| 610 | 2 | 0 | |a Slovenská lekárnická komora |
| 100 | 1 | |a Baťo, Rado | |
| 700 | 1 | |a Horníková, Zuzana | |